| 000 | 00637cam a22002171 4500 | ||
|---|---|---|---|
| 001 | ca 36001937 | ||
| 003 | DLC | ||
| 005 | 20260227111145.0 | ||
| 008 | 891107s1934 ohu 000 0 eng | ||
| 010 | _aca 36001937 | ||
| 035 | _a(OCoLC)20607088 | ||
| 040 |
_aDLC _cRPB _dDLC |
||
| 042 | _apremarc | ||
| 050 | 0 | 0 |
_aPN4305.M6 _bW37 |
| 082 | _a815.5 | ||
| 100 | 1 | _aWayne, Kathryn. | |
| 245 | 1 | 4 |
_aThe desert rat, _ba dramatic impersonative reading, _cby Kathryn Wayne ... |
| 260 |
_aFranklin, O., _aDenver, Colo., _bEldridge Entertainment House, Incorporated, _cc1934. |
||
| 300 |
_a5 p. _c19 cm. |
||
| 490 | 0 | _aEldridge popular monologs | |
| 999 |
_c18383 _d18383 |
||